00306nam a22001337a 4500003000400000008004100004020001800045082001500063100001700078245001900095260002900114300001000143650001900153OSt240702b |||||||| |||| 00| 0 eng d a9781473649521 a158.1bSIY aSINCERO, Jen aYou Are Badass aUSA:bJohn Murrayc2013. a267p. aGeneral Books